Fluid mechanics and its applications.

Bibliographic Details
Format: Serial
Language:English
Published: Dordrecht ; Boston : Kluwer Academic Publishers, [1990]-
Dordrecht : Springer
Subjects:
Online Availability: Check for online availability

MARC

Tag First Indicator Second Indicator Subfields
LEADER 00000nas a2200000Ii 4500
001 in00003988721
005 20180817135440.0
006 m o d
007 cr |||||||||||
008 180817c19909999ne x moo 0 0eng d
035 |a (OCoLC)on1048631903 
040 |a TXA  |b eng  |e rda  |c TXA 
022 |a 2215-0056  |l 0926-5112  |y 0926-5112 
035 |a (OCoLC)1048631903 
037 |b Springer Netherlands, Van Godewijckstraat 30, Dordrecht, 3311 GX Netherlands 
090 |a QC138  |b .F546 Electronic 
049 |a TXAM 
245 0 0 |a Fluid mechanics and its applications. 
264 1 |3 Vol. 1-76:  |a Dordrecht ;  |a Boston :  |b Kluwer Academic Publishers,  |c [1990]- 
264 3 1 |3 Vol. 77- :  |a Dordrecht :  |b Springer 
264 4 |c ©1990- 
300 |a 1 online resource 
310 |a Irregular 
336 |a text  |b txt  |2 rdacontent 
337 |a computer  |b c  |2 rdamedia 
338 |a online resource  |b cr  |2 rdacarrier 
362 1 |a Began with: Volume 1, copyrighted 1990. 
588 |a Description based on: Volume 1, copyrighted 1990; title from PDF series title page (SpringerLink, viewed August 17, 2018). 
588 |a Latest issue consulted: Volume 118, copyrighted 2018 (SpringerLink, viewed August 17, 2018). 
650 0 |a Fluid mechanics. 
776 0 8 |i Print version:  |t Fluid mechanics and its applications  |x 0926-5112  |w (OCoLC)24102699 
948 |a cataloged  |b h  |c 2018/8/17  |d o  |e spoltoratski  |f 1:54:28 pm  |g NCO 
994 |a C0  |b TXA 
999 f f |s 139980b3-75ed-31b1-85a0-b5a2bc241650  |i bcffaa34-5e49-3e80-8cab-47b6c500c030  |t 0 
952 f f |a Texas A&M University  |b College Station  |c Electronic Resources  |d Available Online  |t 0  |e QC138 .F546  |g Electronic  |h Library of Congress classification 
998 f f |a QC138 .F546  |t 0  |l Available Online